| 000 | 00403 a2200157 4500 | ||
|---|---|---|---|
| 001 | 61541 | ||
| 020 | _a857263066x | ||
| 040 | _cAnchieta - Pituba | ||
| 100 | _aFerreira, Edson Alberto Carvalho | ||
| 240 | 1 | 0 |
_aVestibulares resolvidos 94 _lpor |
| 245 | 1 | 0 | _aVestibulares resolvidos 94 |
| 300 | _a71 | ||
| 362 | 0 | _a1994 | |
| 650 | 4 | _a. Vestibulares / Exames de admissão em universidades | |
| 942 | _cBK | ||
| 999 |
_c61541 _d61541 |
||